| 000 | 00552cam a2200169 a 4500 | ||
|---|---|---|---|
| 020 | _a1559636513 (acidfree paper) | ||
| 040 | _cDLC | ||
| 082 | 0 | 0 | _a917 ISL 2000 A0101 Or. |
| 100 | 1 | _aHogue, Lawrence, | |
| 245 | 1 | 0 |
_aAll the wild and lonely places : _bjourneys in a desert landscape / |
| 260 |
_aWashington, D.C. : _bIsland Press [for] Shearwater Books, _cc2000. |
||
| 300 |
_a272 p. : _bill. ; _c24 cm. |
||
| 650 | 0 | _aLandscapes | |
| 650 | 0 | _aNatural history | |
| 856 | 4 | 2 | _uhttp://www.loc.gov/catdir/enhancements/fy0666/00008181-d.html |
| 942 | _cEK | ||
| 999 |
_c13625 _d13625 |
||